<?xml version="1.0" encoding="UTF-8"?>
<record
    xmlns:xsi="http://www.w3.org/2001/XMLSchema-instance"
    xsi:schemaLocation="http://www.loc.gov/MARC21/slim http://www.loc.gov/standards/marcxml/schema/MARC21slim.xsd"
    xmlns="http://www.loc.gov/MARC21/slim">

  <leader>00887nam a2200217 a 4500</leader>
  <controlfield tag="001">47439</controlfield>
  <controlfield tag="003">BD-RjUL</controlfield>
  <controlfield tag="005">20211209054320.0</controlfield>
  <controlfield tag="008">160808b1969    B  ||||| b||| 001 0 ben d</controlfield>
  <datafield tag="035" ind1=" " ind2=" ">
    <subfield code="a">(BD-RjUL)47558</subfield>
  </datafield>
  <datafield tag="040" ind1=" " ind2=" ">
    <subfield code="a">BD-RjUL</subfield>
    <subfield code="b">eng</subfield>
    <subfield code="c">BD-RjUL</subfield>
  </datafield>
  <datafield tag="041" ind1=" " ind2=" ">
    <subfield code="a">ben</subfield>
  </datafield>
  <datafield tag="082" ind1=" " ind2=" ">
    <subfield code="2">23</subfield>
    <subfield code="a">512.5</subfield>
    <subfield code="b">RAY 1969</subfield>
  </datafield>
  <datafield tag="100" ind1="1" ind2=" ">
    <subfield code="a">&#x9B0;&#x9B9;&#x9AE;&#x9BE;&#x9A8;, &#x9AE;&#x9C1;&#x9B9;&#x9BE;&#x9AE;&#x9CD;&#x9AE;&#x9A6; &#x9B9;&#x9BE;&#x9AC;&#x9BF;&#x9AC;&#x9C1;&#x9B0; </subfield>
    <subfield code="9">144267</subfield>
  </datafield>
  <datafield tag="245" ind1="1" ind2="0">
    <subfield code="a">&#x9AF;&#x9CB;&#x997;&#x9BE;&#x9B6;&#x9CD;&#x9B0;&#x9AF;&#x9BC;&#x9C0; &#x9AC;&#x9C0;&#x99C;&#x997;&#x9A3;&#x9BF;&#x9A4; /</subfield>
    <subfield code="c">&#x9AE;&#x9C1;&#x9B9;&#x9BE;&#x9AE;&#x9CD;&#x9AE;&#x9A6; &#x9B9;&#x9BE;&#x9AC;&#x9BF;&#x9AC;&#x9C1;&#x9B0; &#x9B0;&#x9B9;&#x9AE;&#x9BE;&#x9A8;</subfield>
  </datafield>
  <datafield tag="260" ind1=" " ind2=" ">
    <subfield code="a">&#x9A2;&#x9BE;&#x995;&#x9BE; : </subfield>
    <subfield code="b">&#x995;&#x9C7;&#x9A8;&#x9CD;&#x9A6;&#x9CD;&#x9B0;&#x9C0;&#x9AF;&#x9BC; &#x9AC;&#x9BE;&#x982;&#x9B2;&#x9BE; &#x989;&#x9A8;&#x9CD;&#x9A8;&#x9AF;&#x9BC;&#x9A8;-&#x9AC;&#x9CB;&#x9B0;&#x9CD;&#x9A1;, </subfield>
    <subfield code="c">&#x9E7;&#x9EF;&#x9EC;&#x9EF;</subfield>
  </datafield>
  <datafield tag="300" ind1=" " ind2=" ">
    <subfield code="a">[&#x9E7;&#x9EA;], &#x9EA;&#x9E9;&#x9E8; &#x9AA;&#x9C3;. : </subfield>
    <subfield code="b">&#x99A;&#x9BF;&#x9A4;&#x9CD;&#x9B0; ; </subfield>
    <subfield code="c">&#x9E7;&#x9EF; &#x9B8;&#x9C7;&#x9AE;&#x9BF;.</subfield>
  </datafield>
  <datafield tag="650" ind1=" " ind2=" ">
    <subfield code="a">&#x9AF;&#x9CB;&#x997;&#x9BE;&#x9B6;&#x9CD;&#x9B0;&#x9AF;&#x9BC;&#x9C0; &#x9AC;&#x9C0;&#x99C;&#x997;&#x9A3;&#x9BF;&#x9A4;</subfield>
    <subfield code="9">144268</subfield>
  </datafield>
  <datafield tag="650" ind1=" " ind2=" ">
    <subfield code="a">Linear algebra</subfield>
    <subfield code="9">144269</subfield>
  </datafield>
  <datafield tag="942" ind1=" " ind2=" ">
    <subfield code="2">ddc</subfield>
    <subfield code="c">BK</subfield>
  </datafield>
  <datafield tag="999" ind1=" " ind2=" ">
    <subfield code="c">47439</subfield>
    <subfield code="d">47439</subfield>
  </datafield>
  <datafield tag="952" ind1=" " ind2=" ">
    <subfield code="0">0</subfield>
    <subfield code="1">0</subfield>
    <subfield code="2">ddc</subfield>
    <subfield code="4">0</subfield>
    <subfield code="7">1</subfield>
    <subfield code="8">NFIC</subfield>
    <subfield code="a">RUCL</subfield>
    <subfield code="b">RUCL</subfield>
    <subfield code="c">Rare</subfield>
    <subfield code="d">1969-11-01</subfield>
    <subfield code="e">Costal board</subfield>
    <subfield code="g">9.00</subfield>
    <subfield code="l">0</subfield>
    <subfield code="o">B 512.5 RAY 1969</subfield>
    <subfield code="r">2016-08-08 00:00:00</subfield>
    <subfield code="t">C-1</subfield>
    <subfield code="w">2016-08-08</subfield>
    <subfield code="y">BK</subfield>
  </datafield>
  <datafield tag="952" ind1=" " ind2=" ">
    <subfield code="0">0</subfield>
    <subfield code="1">0</subfield>
    <subfield code="2">ddc</subfield>
    <subfield code="4">0</subfield>
    <subfield code="7">0</subfield>
    <subfield code="8">NFIC</subfield>
    <subfield code="a">RUCL</subfield>
    <subfield code="b">RUCL</subfield>
    <subfield code="c">Stack</subfield>
    <subfield code="d">1969-11-01</subfield>
    <subfield code="e">Costal board</subfield>
    <subfield code="g">9.00</subfield>
    <subfield code="l">0</subfield>
    <subfield code="o">B 512.5 RAY 1969</subfield>
    <subfield code="r">2016-08-08 00:00:00</subfield>
    <subfield code="t">C-2</subfield>
    <subfield code="w">2016-08-08</subfield>
    <subfield code="y">BK</subfield>
  </datafield>
  <datafield tag="952" ind1=" " ind2=" ">
    <subfield code="0">0</subfield>
    <subfield code="1">0</subfield>
    <subfield code="2">ddc</subfield>
    <subfield code="4">0</subfield>
    <subfield code="7">0</subfield>
    <subfield code="8">NFIC</subfield>
    <subfield code="a">RUCL</subfield>
    <subfield code="b">RUCL</subfield>
    <subfield code="c">Stack</subfield>
    <subfield code="d">1969-11-01</subfield>
    <subfield code="e">Costal board</subfield>
    <subfield code="g">9.00</subfield>
    <subfield code="l">0</subfield>
    <subfield code="o">B 512.5 RAY 1969</subfield>
    <subfield code="r">2016-08-08 00:00:00</subfield>
    <subfield code="t">C-3</subfield>
    <subfield code="w">2016-08-08</subfield>
    <subfield code="y">BK</subfield>
  </datafield>
  <datafield tag="952" ind1=" " ind2=" ">
    <subfield code="0">0</subfield>
    <subfield code="1">0</subfield>
    <subfield code="2">ddc</subfield>
    <subfield code="4">0</subfield>
    <subfield code="7">0</subfield>
    <subfield code="8">NFIC</subfield>
    <subfield code="a">RUCL</subfield>
    <subfield code="b">RUCL</subfield>
    <subfield code="c">Stack</subfield>
    <subfield code="d">1969-11-01</subfield>
    <subfield code="e">Costal board</subfield>
    <subfield code="g">9.00</subfield>
    <subfield code="l">0</subfield>
    <subfield code="o">B 512.5 RAY 1969</subfield>
    <subfield code="r">2016-08-08 00:00:00</subfield>
    <subfield code="t">C-4</subfield>
    <subfield code="w">2016-08-08</subfield>
    <subfield code="y">BK</subfield>
  </datafield>
  <datafield tag="952" ind1=" " ind2=" ">
    <subfield code="0">0</subfield>
    <subfield code="1">0</subfield>
    <subfield code="2">ddc</subfield>
    <subfield code="4">0</subfield>
    <subfield code="7">0</subfield>
    <subfield code="8">NFIC</subfield>
    <subfield code="a">RUCL</subfield>
    <subfield code="b">RUCL</subfield>
    <subfield code="c">Stack</subfield>
    <subfield code="d">1969-11-01</subfield>
    <subfield code="e">Costal board</subfield>
    <subfield code="g">9.00</subfield>
    <subfield code="l">0</subfield>
    <subfield code="o">B 512.5 RAY 1969</subfield>
    <subfield code="r">2016-08-08 00:00:00</subfield>
    <subfield code="t">C-5</subfield>
    <subfield code="w">2016-08-08</subfield>
    <subfield code="y">BK</subfield>
  </datafield>
  <datafield tag="952" ind1=" " ind2=" ">
    <subfield code="0">0</subfield>
    <subfield code="1">0</subfield>
    <subfield code="2">ddc</subfield>
    <subfield code="4">0</subfield>
    <subfield code="7">0</subfield>
    <subfield code="8">NFIC</subfield>
    <subfield code="a">RUCL</subfield>
    <subfield code="b">RUCL</subfield>
    <subfield code="c">Stack</subfield>
    <subfield code="d">1969-11-01</subfield>
    <subfield code="e">Costal board</subfield>
    <subfield code="g">9.00</subfield>
    <subfield code="l">0</subfield>
    <subfield code="o">B 512.5 RAY 1969</subfield>
    <subfield code="r">2016-08-08 00:00:00</subfield>
    <subfield code="t">C-6</subfield>
    <subfield code="w">2016-08-08</subfield>
    <subfield code="y">BK</subfield>
  </datafield>
  <datafield tag="952" ind1=" " ind2=" ">
    <subfield code="0">0</subfield>
    <subfield code="1">0</subfield>
    <subfield code="2">ddc</subfield>
    <subfield code="4">0</subfield>
    <subfield code="7">0</subfield>
    <subfield code="8">NFIC</subfield>
    <subfield code="a">RUCL</subfield>
    <subfield code="b">RUCL</subfield>
    <subfield code="c">Stack</subfield>
    <subfield code="d">1969-11-01</subfield>
    <subfield code="e">Costal board</subfield>
    <subfield code="g">9.00</subfield>
    <subfield code="l">0</subfield>
    <subfield code="o">B 512.5 RAY 1969</subfield>
    <subfield code="r">2016-08-08 00:00:00</subfield>
    <subfield code="t">C-7</subfield>
    <subfield code="w">2016-08-08</subfield>
    <subfield code="y">BK</subfield>
  </datafield>
  <datafield tag="952" ind1=" " ind2=" ">
    <subfield code="0">0</subfield>
    <subfield code="1">0</subfield>
    <subfield code="2">ddc</subfield>
    <subfield code="4">0</subfield>
    <subfield code="7">0</subfield>
    <subfield code="8">NFIC</subfield>
    <subfield code="a">RUCL</subfield>
    <subfield code="b">RUCL</subfield>
    <subfield code="c">Stack</subfield>
    <subfield code="d">1969-11-01</subfield>
    <subfield code="e">Costal board</subfield>
    <subfield code="g">9.00</subfield>
    <subfield code="l">0</subfield>
    <subfield code="o">B 512.5 RAY 1969</subfield>
    <subfield code="r">2016-08-08 00:00:00</subfield>
    <subfield code="t">C-8</subfield>
    <subfield code="w">2016-08-08</subfield>
    <subfield code="y">BK</subfield>
  </datafield>
  <datafield tag="952" ind1=" " ind2=" ">
    <subfield code="0">0</subfield>
    <subfield code="1">0</subfield>
    <subfield code="2">ddc</subfield>
    <subfield code="4">0</subfield>
    <subfield code="7">0</subfield>
    <subfield code="8">NFIC</subfield>
    <subfield code="a">RUCL</subfield>
    <subfield code="b">RUCL</subfield>
    <subfield code="c">Stack</subfield>
    <subfield code="d">1969-11-01</subfield>
    <subfield code="e">Costal board</subfield>
    <subfield code="g">9.00</subfield>
    <subfield code="l">0</subfield>
    <subfield code="o">B 512.5 RAY 1969</subfield>
    <subfield code="r">2016-08-08 00:00:00</subfield>
    <subfield code="t">C-9</subfield>
    <subfield code="w">2016-08-08</subfield>
    <subfield code="y">BK</subfield>
  </datafield>
  <datafield tag="952" ind1=" " ind2=" ">
    <subfield code="0">0</subfield>
    <subfield code="1">0</subfield>
    <subfield code="2">ddc</subfield>
    <subfield code="4">0</subfield>
    <subfield code="7">0</subfield>
    <subfield code="8">NFIC</subfield>
    <subfield code="a">RUCL</subfield>
    <subfield code="b">RUCL</subfield>
    <subfield code="c">Stack</subfield>
    <subfield code="d">1969-11-01</subfield>
    <subfield code="e">Costal board</subfield>
    <subfield code="g">9.00</subfield>
    <subfield code="l">0</subfield>
    <subfield code="o">B 512.5 RAY 1969</subfield>
    <subfield code="r">2016-08-08 00:00:00</subfield>
    <subfield code="t">C-10</subfield>
    <subfield code="w">2016-08-08</subfield>
    <subfield code="y">BK</subfield>
  </datafield>
</record>
